000 00712nmm a2200241 a 4500
003 AR-BaBNM
005 20251128204701.0
008 076019s1983 ||||||||||||||000 | spa||
020 _a84-7232-303-X
040 _cAR-BaBNM
100 1 _aBüttner, Thomas Th.
245 1 0 _aLas lenguas de los Andes centrales
_bestudios sobre la clasificación, genética, areal y tipológica
260 _aMadrid
_bCultura Hispánica del Instituto de Cooperación Iberoamericana
_c1983
300 0 _a269 p.
650 4 _aANALISIS LINGUISTICO
650 4 _aLENGUAS AMERINDIAS
650 4 _aMORFOLOGIA [LINGUISTICA]
650 4 _aFONETICA
650 4 _aDIALECTOS
650 4 _aSINTAXIS
942 _cBK
998 _cisola
999 _c8402
_d8402